Pesticides, Parakeets, and Unions in the Costa Rican Banana Industry, 1938-1962 /

Sábháilte in:
Sonraí bibleagrafaíochta
Príomhchruthaitheoir: Marquardt, Steve
Formáid: Téacs
Clibeanna: Cuir clib leis
Níl clibeanna ann, Bí ar an gcéad duine le clib a chur leis an taifead seo!

MARC

LEADER 00000 a a2200000 04500
001 43262
003
040
100 |a Marquardt, Steve  
245 |a Pesticides, Parakeets, and Unions in the Costa Rican Banana Industry, 1938-1962 /  |c Steve Marquardt  
773 |g volumen37, número2 ( , 2002), páginas 3-36  
999 |c 27314  |d 27314